| 000 | 01251nam a2200289 i 4500 | ||
|---|---|---|---|
| 001 | 181048 | ||
| 003 | ES-MaACL | ||
| 005 | 20231213194343.0 | ||
| 008 | 121015s2011 sp a | |||||||| | spa d | ||
| 020 | _a978-84-92937-02-8 | ||
| 080 | _a314.42(460):656.1.08 | ||
| 080 | _a314.42(4-672 EU):656.1.08 | ||
| 245 | 0 | 0 |
_aSiniestralidad vial en España y la Unión Europea (1997-2007) / _cdirigido por Carmen Herrero Blanco ; José María Abellán Perpiñán, Patricia Cubí Mollá, Jorge Eduardo Martínez Pérez, Ildefonso Méndez Martínez, Fernando Ignacio Sánchez Martínez. |
| 250 | _a1ª ed. | ||
| 260 |
_aBilbao : _bFundación BBVA, _c2011. |
||
| 300 |
_a574 p. : _bil., gráf. ; _c24 cm. |
||
| 504 | _aBibliografía: p. 541-550. Índice. | ||
| 650 | 4 |
_aAccidentes de tráfico- _zEspaña. _9151578 |
|
| 650 | 4 |
_aAccidentes de tráfico- _zPaíses de la Unión Europea. _9151579 |
|
| 650 | 4 |
_aMortalidad- _zEspaña. _9151580 |
|
| 650 | 4 |
_aMortalidad- _zPaíses de la Unión Europea- _vEstadísticas. _9151581 |
|
| 700 | 1 |
_aAbellán Perpiñán, José María _9151582 |
|
| 700 | 1 |
_aHerrero Blanco, Carmen. _9151583 |
|
| 852 |
_aES-MaACL _jA-12263 _9187931 _bR.147197 _cDEPO1 _dOlim: N-5268 |
||
| 942 |
_2udc _cMONOGRAFIA |
||
| 999 |
_c181048 _d181048 |
||